NHL Top 5 Season Leaders by Franchise - Statistics

General Stats
  • This quiz has been taken 819 times
  • The average score is 88 of 155
Answer Stats
Anaheim Ducks Answer % Correct
107, 1998-99 | 109, 1996-97 | 132, 1992-93 Teemu Selänne
97%
142, 1989-90 | 163, 1990-91 | 168, 1988-89 | +5 others Wayne Gretzky
94%
160, 1992-93 | 161, 1995-96 | 168, 1987-88 | 199, 1988-89 Mario Lemieux
88%
123, 2005-06 | 149, 1995-96 Jaromir Jagr
87%
107, 1968-69 Bobby Hull
86%
109, 1991-92 | 113, 1989-90 | 131, 1990-91 Brett Hull
86%
135, 1974-75 | 139, 1970-71 Bobby Orr
85%
120, 1995-96 Joe Sakic
85%
106, 2005-06 | 109, 2009-10 | 110, 2008-09 | 112, 2007-08 Alexander Ovechkin
83%
125, 1975-76 | 125, 1979-80 | 129, 1978-79 | +2 others Guy Lafleur
83%
145, 1973-74 | 152, 1970-71 Phil Esposito
83%
127, 1989-90 | 137, 1992-93 | 155, 1988-89 Steve Yzerman
82%
114, 2006-07 | 89, 2009-10 | 92, 2005-06 | 96, 2007-08 Joe Thornton
81%
126, 1978-79 | 147, 1981-82 Mike Bossy
79%
102, 2006-07 | 99, 2010-11 Martin St. Louis
78%
69, 2007-08 | 79, 2008-09 Rick Nash
78%
107, 1993-94 | 110, 1992-93 | 92, 2000-01 | 94, 1999-00 Pavel Bure
76%
103, 2005-06 Daniel Alfredsson
75%
104, 2010-11 Daniel Sedin
75%
112, 2009-10 Henrik Sedin
75%
95, 2009-10 | 97, 2011-12 Steven Stamkos
75%
107, 1991-92 Mark Messier
72%
101, 1998-99 | 108, 1995-96 | 76, 2006-07 | +2 others Paul Kariya
69%
101, 1989-90 Ron Francis
69%
116, 1974-75 | 119, 1975-76 Bobby Clarke
68%
129, 1981-82 | 134, 1978-79 Bryan Trottier
68%
96, 2000-01 Patrik Elias
67%
115, 1995-96 Eric Lindros
66%
148, 1992-93 Pat LaFontaine
66%
108, 2006-07 Vincent Lecavalier
66%
121, 1974-75 | 137, 1979-80 Marcel Dionne
65%
100, 2005-06 Eric Staal
63%
103, 2005-06 | 105, 2006-07 Dany Heatley
62%
103, 1981-82 | 105, 1985-86 | 121, 1987-88 | 130, 1984-85 Dale Hawerchuk
61%
91, 2008-09 | 98, 2005-06 Ilya Kovalchuk
59%
67, 2001-02 | 83, 2007-08 Marian Gaborik
56%
67, 2008-09 | 71, 2009-10 Mikko Koivu
55%
122, 1985-86 | 124, 1982-83 | 139, 1981-82 Peter Stastny
53%
115, 1990-91 | 142, 1992-93 Adam Oates
52%
120, 1993-94 Sergei Fedorov
51%
107, 1995-96 | 127, 1992-93 Alexander Mogilny
50%
111, 1993-94 | 127, 1992-93 Doug Gilmour
50%
106, 1979-80 | 113, 1975-76 Gilbert Perreault
50%
92, 2007-08 Jason Spezza
50%
107, 1992-93, 1993-94 Jeremy Roenick
49%
94, 2008-09 Zach Parise
49%
116, 1985-86 | 119, 1981-82 | 121, 1982-83 | 131, 1987-88 Denis Savard
46%
97, 2005-06 Marc Savard
46%
104, 2002-03 Markus Näslund
46%
100, 2006-07 | 92, 2005-06 Marian Hossa
45%
71, 2007-08 | 89, 2005-06 | 91, 2006-07 Olli Jokinen
44%
93, 2005-06 Jonathan Cheechoo
41%
100, 1975-76 | 117, 1977-78 Darryl Sittler
40%
123, 1992-93 Mark Recchi
36%
99, 1993-94 Dave Andreychuk
35%
121, 1983-84 Michel Goulet
35%
73, 2014-15 Nick Foligno
34%
103, 1986-87 | 106, 1981-82 Dino Ciccarelli
33%
106, 1989-90 | 132, 1992-93 Pierre Turgeon
33%
94, 1998-99 Alexei Yashin
32%
107, 1983-84 Bernie Federko
30%
150, 1988-89 Bernie Nicholls
30%
112, 1975-76 Bill Barber
28%
114, 1981-82 Bobby Smith
27%
109, 1971-72 Jean Ratelle
25%
99, 1989-90 Brian Bellows
23%
72, 2007-08 Jason Arnott
22%
89, 2005-06 Brian Gionta
19%
110, 1988-89 Joe Mullen
19%
131, 1980-81 Kent Nilsson
19%
136, 1981-82 Dennis Maruk
17%
105, 1985-86 Neal Broten
17%
71, 2014-15 Ryan Johansen
16%
106, 1987-88 Håkan Loob
15%
87, 1988-89 John MacLean
14%
94, 1987-88 Kirk Muller
13%
69, 2001-02 Andrew Brunette
11%
100, 1979-80 Blaine Stoughton
10%
68, 2005-06 Steve Sullivan
9%
103, 1981-82 | 105, 1979-80 | 105, 1980-81 Mike Rogers
8%
106, 1971-72 Vic Hadfield
8%
107, 1978-79 Guy Chouinard
7%
71, 1999-00 | 76, 2002-03 Ray Whitney
7%
79, 2005-06 Brian Rolston
5%
72, 2007-08 J.P. Dumont
5%
87, 1977-78 Wilf Paiement
4%
108, 1978-79 Bob MacMillan
3%
No matching quizzes found
Score Distribution
Percent of People with Each Score
Percentile by Number Answered
Your Score History
You have not taken this quiz